| 000 | 00382nam a2200145Ia 4500 | ||
|---|---|---|---|
| 008 | 191201s2011 xx 000 0 und d | ||
| 082 |
_a510 _bGRN |
||
| 100 | _aGREWAL,B.S | ||
| 245 | 0 | _aNumerical Methods in Engineering & Science : With Programs in C & C ++ | |
| 250 | _aRep | ||
| 260 |
_aN. delhi _bS Chand and Co. Ltd. _c2011 |
||
| 300 | _a676 | ||
| 650 | _aMCA | ||
| 942 |
_2ddc _cBK |
||
| 999 |
_c4993 _d4993 |
||